000 00812nam a2200241Ii 4500
003 JO-AjNU
005 20240504090841.0
008 230605s9999||||xx |||||||||||||| ||und||
040 _aJO-AjNU
_bara
_erda
_cJO-AjNU
041 _aara
050 1 4 _aLB1049.S4
100 1 _aشعلان،محمد سليمان
_eauthor
_965419
245 0 0 _aإتجاهات في أصول التدريس بمدرسة التعليم الأساسي
264 3 1 _aدار الفكر العربي
300 _a264ص
336 _atext
_btxt
_2rdacontent
337 _aunmediated
_bn
_2rdamedia
338 _avolume
_bnc
_2rdacarrier
650 4 _aطرق تدريس
_97062
700 1 _aجاد الله، سعاد
_965420
_eمؤلف مشارك
700 1 _aرضوان، محمد محمود
_965421
_eمؤلف مشارك
942 _2lcc
_cBK
999 _c3656
_d3656